000 00430nam a22001577a 4500
010 _aENG-143449
020 _c200.00
035 _aEN-126981
037 _bDBAD
082 _a540.92
100 _aSarkar, Dilip Kumar
_976887
245 _aNobel Prize for Chemistry /
_cby Dilip Kumar Sarkar
260 _bRoma Sarkar
_c2018
_aKolkata
300 _a140p.:
_billus.
_c22cm(Pbk)
942 _2ddc
_cEN
_h540.92
_mSAR
999 _c208681
_d208681